Intervision Song Contest Quiz - Statistics

General Stats
  • This quiz has been taken 26 times
  • The average score is 25 of 44
Answer Stats
Answer % Correct
Participants Russia
88%
Languages of Winning Songs Tajik
88%
Intended to Participate Uzbekistan
88%
Participants Armenia
82%
Participants Azerbaijan
82%
Participants Belarus
82%
Intended to Participate China
82%
Participants Kazakhstan
82%
Participants Kyrgyzstan
82%
Languages of Winning Songs Czech
76%
Intended to Participate Georgia
76%
Participants Poland
76%
Participants Romania
76%
Participants Tajikistan
76%
Participants Ukraine
76%
Participants Yugoslavia
76%
Participants Bulgaria
71%
Participants Czechoslovakia
71%
Participants Hungary
71%
Participants Moldova
71%
Participants Turkmenistan
71%
Languages of Winning Songs Russian
65%
Languages of Winning Songs Slovak
65%
Participants Finland
59%
Participants East Germany
53%
Participants Latvia
53%
Years 1980
47%
Years 1977
41%
Years 2008
41%
Participants Canada
41%
Participants Cuba
41%
Participants Soviet Union
41%
Source of Idea Eurovision
35%
Languages of Winning Songs Polish
35%
Participants Switzerland
35%
Participants Belgium
29%
Participants Morocco
29%
Participants Netherlands
29%
Participants Spain
24%
Participants Portugal
18%
Languages of Winning Songs Finnish
6%
Organizer OIRT
6%
Host Cities Sochi
6%
Host Cities Sopot
6%
No matching quizzes found
Score Distribution
Percent of People with Each Score
Percentile by Number Answered
Your Score History
You have not taken this quiz